|
|
|
|
| LEADER |
00956cam a2200253 7i4500 |
| 001 |
0000057728 |
| 005 |
20210304090000.0 |
| 020 |
|
|
|a 9781405169745 (electronic book)
|
| 090 |
0 |
0 |
|a RB155
|b .C66 2011
|
| 100 |
1 |
|
|a Tobias, Edward
|
| 245 |
1 |
0 |
|a Essential medical genetics
|c Edward Tobias, Michael Connor, Malcolm Ferguson-Smith.
|
| 250 |
|
|
|a 6th edition.
|
| 264 |
|
|
|a Chichester, West Sussex, UK:
|b Wiley-Blackwell,
|c 2011.
|
| 300 |
|
|
|a 1 online resource (xi, 332 pages:
|b illustrations (some color), text file, PDF.
|
| 336 |
|
|
|a text
|2 rdacontent
|
| 337 |
|
|
|a computer
|2 rdamedia
|
| 338 |
|
|
|a online resource
|2 rdacarrier
|
| 650 |
0 |
0 |
|a Medical genetics
|
| 655 |
0 |
0 |
|a Electronic books
|
| 700 |
1 |
|
|a Connor, J. M
|
| 700 |
1 |
|
|a Ferguson-Smith, M. A
|
| 856 |
4 |
2 |
|u http://library.unisel.edu.my/equip-unisel/custom/ebook_catalog/ebook/Essentialmedicalgenetics.pdf
|
| 997 |
|
|
|a Health Sciences, Faculty
|
| 999 |
|
|
|a EBO0004108
|b EBOOK
|c EBOOK
|e Electronic resources
|